Taylor Swift - Eras Tour Picture Quiz - Statistics

General Stats
  • This quiz has been taken 103 times
  • The average score is 9 of 10
Answer Stats
Picture Answer % Correct
Enchanted
98%
The Man
97%
Delicate
93%
Fearless
93%
Bad Blood
88%
Illicit Affairs
86%
Mastermind
85%
So High School
85%
I Knew You Were Trouble
83%
Marjorie
59%
No matching quizzes found
Score Distribution
Percent of People with Each Score
Percentile by Number Answered
Your Score History
You have not taken this quiz